000 00748nam a22002057a 4500
005 20111007105632.0
010 _aG-001672
020 _a8186953361
035 1 d _aG-001672
037 _bGift
082 _a155.418
100 _aFurutan, A.
_935277
245 E _aMothers, fathers and children:
_cby A. Furutan
_bpractical advice to parents /
260 _aNew Delhi
_bBaha'i Publishing Trust
_c2009(repr.).
300 _a232p.
_c22cm(pbk)
500 _aIncludes bibliographical references
942 _2ddc
_cEN
_h155.418
_mFUR
999 _c57343
_d57343